Miniature painting: A catalogue of the exhibition of the Sri Motichand Khajanchi collection held by theLalit Kala Akademi, 1960 (Record no. 1337972)

MARC details
000 -LEADER
fixed length control field 00646nam a2200193Ia 4500
005 - DATE AND TIME OF LATEST TRANSACTION
control field 20250508152655.0
008 - FIXED-LENGTH DATA ELEMENTS--GENERAL INFORMATION
fixed length control field 008 250505s9999 xx 000 0 eng d
037 ## - SOURCE OF ACQUISITION
Stock number Textual
040 ## - CATALOGING SOURCE
Original cataloging agency FEDL
Language of cataloging eng
Transcribing agency FEDL
041 ## - LANGUAGE CODE
Language code of text/sound track or separate title eng
Source of code eng
084 ## - COLON CLASSIFICATION NUMBER
Classification number 757.7, KHA
Assigning agency FEDL
100 ## - MAIN ENTRY--PERSONAL NAME
Personal name Khandalavala Karl
245 #0 - TITLE STATEMENT
Title Miniature painting: A catalogue of the exhibition of the Sri Motichand Khajanchi collection held by theLalit Kala Akademi, 1960
260 ## - PUBLICATION, DISTRIBUTION, ETC.
Place of publication, distribution, etc. New Delhi, India
Name of publisher, distributor, etc. Lalit Kala Akadami
Date of publication, distribution, etc. 1960
300 ## - PHYSICAL DESCRIPTION
Extent 117p
700 ## - ADDED ENTRY--PERSONAL NAME
Personal name Chandra Moti Chandra Pramod
9 (RLIN) 762111
942 ## - ADDED ENTRY ELEMENTS (KOHA)
Koha item type Textual
Classification part 757.7, KHA
Holdings
Withdrawn status Lost status Damaged status Not for loan Home library Current library Date acquired Total Checkouts Full call number Barcode Date last seen Price effective from Koha item type
        Department of Education Library Department of Education Library 2025-05-08   757.7, KHA EL0020149 2025-05-08 2025-05-08 Textual
Copyright @ Delhi University Library System